| 000 | 02454nas1a22003731 4500 | ||
|---|---|---|---|
| 001 | RU\NLR\Per\678337 | ||
| 005 | 20260427152937.0 | ||
| 011 | _a2071-5234 | ||
| 035 | _a(NLR Aleph) 002926687 | ||
| 090 |
_a3675077 _c3675077 |
||
| 100 | _a20260503 rusy50 | ||
| 101 | 0 | _arus | |
| 102 | _aRU | ||
| 110 | _aag||||||||| | ||
| 200 | 1 |
_aСварка и диагностика _eжурнал для специалистов по сварке, контролю и диагностике _fНац. агентство контроля и сварки |
|
| 210 |
_aМосква _cМастер-класс _d2007 - |
||
| 311 | _aВыходит взамен журн.: Сварщик-профессионал | ||
| 432 | 0 |
_12001#$aСварщик-профессионал _tСварщик-профессионал |
|
| 606 | 1 |
_aСварка _jПериодические издания _9987028 _3RU\NLR\AUTH\6654217 |
|
| 606 | 1 |
_aТехническая диагностика _jПериодические издания _91049064 _3RU\NLR\AUTH\6687174 |
|
| 686 | 1 | _aЖ15я52 | |
| 686 | 1 | _aЖ616я52 | |
| 712 | 0 | 2 |
_4570 _aНациональная ассоциация контроля и сварки _cМосква _9771931 _3RU\NLR\AUTH\8810138291 |
| 712 | 0 | 2 |
_4570 _aНациональное агентство контроля и сварки _cМосква _9871098 _3RU\NLR\AUTH\8810190200 |
| 712 | 0 | 2 |
_4570 _aНациональное агентство контроля сварки _cМосква _9835076 _3RU\NLR\AUTH\880584598 |
| 852 |
_aNLR _jП11/5654 |
||
| 942 | _cJOURNAL | ||
| 980 | _aNB | ||
| 980 | _aRUSPER | ||